000 00457nam a2200181Ia 4500
001 21510
008 140409s9999 xx 000 0 und d
020 _a0-340-74160-0
040 _cPK-LaUMT
082 _a 711.6
_bBUI-
100 _aGerard de Valence
245 _aBuilding in value:
_bpre-design issues
_cGerard de Valence<>Rick Best
260 _aLondon,UK:
_bAronld,
_c1999
300 _a387 p.
546 _aEN
700 _aRick Best
942 _cBK
999 _c21816
_d21816